| 000 | 01115nam a2200277Ia 4500 | ||
|---|---|---|---|
| 001 | ebr10194035 | ||
| 003 | CaPaEBR | ||
| 006 | m u | ||
| 007 | cr cn||||||||| | ||
| 008 | 061004s2007 enk s 000 0 eng d | ||
| 020 | _z1845114248 (hbk.) | ||
| 020 | _z9781845114244 (hbk.) | ||
| 040 |
_aCaPaEBR _cCaPaEBR |
||
| 035 | _a(OCoLC)229431553 | ||
| 050 | 1 | 4 |
_aNX543 _b.T84 2007eb |
| 100 | 1 | _aTusa, John. | |
| 245 | 1 | 0 |
_aEngaged with the arts _h[electronic resource] : _bwritings from the frontline / _cJohn Tusa. |
| 260 |
_aLondon ; _aNew York : _bI.B. Tauris ; _aNew York : _bDistributed in the USA by Palgrave Macmillan, _c2007. |
||
| 300 | _avi, 223 p. | ||
| 533 |
_aElectronic reproduction. _bPalo Alto, Calif. : _cebrary, _d2009. _nAvailable via World Wide Web. _nAccess may be limited to ebrary affiliated libraries. |
||
| 650 | 0 |
_aArts _zGreat Britain. |
|
| 650 | 0 |
_aHumanities _zGreat Britain. |
|
| 655 | 7 |
_aElectronic books. _2local |
|
| 710 | 2 | _aebrary, Inc. | |
| 856 | 4 | 0 |
_uhttp://site.ebrary.com/lib/rucke/Doc?id=10194035 _zAn electronic book accessible through the World Wide Web; click to view |
| 999 |
_c114485 _d114485 |
||